00499 2200169 4500001002100000005001500021035002000036008003900056245011000095100001600205260004600221084001300267082000700280650001200287990001500299990001500314INLIS00000000000388620260429090336 a0010-1224000057260429 | | | 1 aIdentifikasi dan Sebaran Pohon Oangan Lokal Yang Ada di Kawasan Kerangas KHDTK Mungku Baru /cDiah Hayati aDiah Hayati aPalangka Raya :bPerpustakaan UMPR,c2022 a61 DIA i a61 4aSKRIPSI a1761018348 a1761018348